Statistics for Every NCAA Division I School in Illinois

Click here to take the quiz!

General Stats

  • This quiz has been taken 28 times
  • The average score is 9 of 13

Answer Stats

AnswerConference% Correct
IllinoisBig Ten
100%
NorthwesternBig Ten
92%
Illinois StateMissouri Valley
88%
Southern IllinoisMissouri Valley
85%
Western IllinoisOhio Valley
85%
Northern IllinoisMAC
81%
Eastern IllinoisOhio Valley
77%
Loyola ChicagoAtlantic 10
58%
DePaulBig East
54%
Chicago StateIndependent
42%
BradleyMissouri Valley
38%
SIUEOhio Valley
38%
UICMissouri Valley
35%

Score Distribution

Percentile by Number Answered

Percent of People with Each Score

Your Score History

You have not taken this quiz